Segregación residencial de los inmigrantes nicaragüenses en Costa Rica en 2000 /
Αποθηκεύτηκε σε:
| Κύριος συγγραφέας: | |
|---|---|
| Συγγραφή απο Οργανισμό/Αρχή: | |
| Μορφή: | Πρακτικό Συνεδρίου |
| Διαθέσιμο Online: | http://populi.eest.ucr.ac.cr |
| Ετικέτες: |
Προσθήκη ετικέτας
Δεν υπάρχουν, Καταχωρήστε ετικέτα πρώτοι!
|
MARC
| LEADER | 00000 a a2200000 04500 | ||
|---|---|---|---|
| 001 | 44977 | ||
| 003 | |||
| 040 | |||
| 100 | |a Brenes Camacho, Gilbert | ||
| 245 | |a Segregación residencial de los inmigrantes nicaragüenses en Costa Rica en 2000 / |c Gilbert Brenes Camacho | ||
| 500 | |a Subpoblaciones y minorías. Parte IV | ||
| 711 | |a Simposio Costa Rica a la luz del Censo del 2000 (5-6 de agosto del 2000) | ||
| 773 | |g páginas 399-425 | ||
| 856 | |u http://populi.eest.ucr.ac.cr | ||
| 999 | |c 34298 |d 34298 | ||
